000 00647nam a2200217Ia 4500
003 OSt
005 20220923231009.0
006 a|||||r|||| 00| 0
007 ta
008 220922b |||||||| |||| 00| 0 pan d
024 _a351,721
037 _cTextual
040 _aARTS
_cARTS
_bpan
041 _2pan
_apan
082 _aO153,6:g, M8
100 _aਕੌਰ, ਗੁਰਦੀਪ, ਂਚ.
245 0 _aਪੁਰਾਤਨ ਪੰਜਾਬੀ ਵਾਰਤਕ
_b ਅਤੇ ਵਾਰਤਕ ਗੋFਟਾ
260 _c1988
942 _hO153,6:g, M8
_cTEXL
_2CC
999 _c388680
_d388680